| 000 | 00401nam a2200157Ia 4500 | ||
|---|---|---|---|
| 100 | _aWatson/John/ Ramklass/R | ||
| 650 | _aOracle | ||
| 942 | _cBK | ||
| 366 | _f17.5 | ||
| 654 | _aoracle | ||
| 245 | _aOCA Oracle database 11g SQL fundamentals 1 Exam guide (Exam 1ZO-051) | ||
| 260 |
_bTata Mc Graw hill Ltd. _aNew Delhi _c2008 |
||
| 082 |
_a005.133/WAT _bWAT |
||
| 300 | _a573 | ||
| 546 | _aENGLISH | ||
| 999 |
_c22979 _d22979 |
||